Detalles MARC
| 000 -Cabecera |
| Campo de control de longitud fija |
01644aam a2200577 4500 |
| 005 - Fecha y hora de la última transacción |
| Campo de control |
20241105135902.0 |
| 008 - Elementos de longitud fija--Información general |
| Campo de control de longitud fija |
150507b xxu||||| |||| 00| 0 spa d |
| 041 ## - Idioma |
| Código de idioma |
|
| 082 ## - Clasificación Decimal Dewey |
| Número de clasificación |
658.3 L973c |
| 100 ## - Entrada principal--Autor personal |
| Nombre personal |
Luthans, Fred |
| 9 (RLIN) |
35265 |
| 245 ## - Título propiamente dicho |
| Título |
Comportamiento organizacional |
| 250 ## - Edición |
| Mención de edición |
11 edición |
| 260 ## - Pie de imprenta |
| Lugar de publicación, distribución, etc. |
México |
| Nombre del editor, distribuidor, etc. |
McGraw-Hill |
| Fecha de publicación, distribución, etc. |
2008 |
| 300 ## - Descripción física |
| Extensión |
591 páginas |
| 650 ## - Materia general |
| Temática (materia general) |
COMPORTAMIENTO ORGANIZACIONAL |
| 650 ## - Materia general |
| Temática (materia general) |
MODELO GALLUP |
| 650 ## - Materia general |
| Temática (materia general) |
RETOS DE LA ADMINITRACIÓN |
| 650 ## - Materia general |
| Temática (materia general) |
MARCOS TEÓRICOS |
| 650 ## - Materia general |
| Temática (materia general) |
TECNOLOGÍA DE LA INFORMACIÓN |
| 650 ## - Materia general |
| Temática (materia general) |
GLOBALIZACIÓN |
| 650 ## - Materia general |
| Temática (materia general) |
ÉTICA |
| 650 ## - Materia general |
| Temática (materia general) |
ORGANIZACIÓN MULTICULTURAL |
| 650 ## - Materia general |
| Temática (materia general) |
DIVERSIDAD |
| 650 ## - Materia general |
| Temática (materia general) |
COMPORTAMIENTO ORGANIZACIONAL |
| 650 ## - Materia general |
| Temática (materia general) |
REMUNERACIÓN |
| 650 ## - Materia general |
| Temática (materia general) |
DISEÑO Y CULTURA |
| 650 ## - Materia general |
| Temática (materia general) |
PERSONALIDAD |
| 650 ## - Materia general |
| Temática (materia general) |
ACTITUDES |
| 650 ## - Materia general |
| Temática (materia general) |
SATISFACCIÓN LABORAL |
| 650 ## - Materia general |
| Temática (materia general) |
MOTIVACIÓN |
| 650 ## - Materia general |
| Temática (materia general) |
LIDERAZGO |
| 650 ## - Materia general |
| Temática (materia general) |
TEORÍAS DE MOTIVACIÓN LABORAL |
| 650 ## - Materia general |
| Temática (materia general) |
OPTIMISMO |
| 650 ## - Materia general |
| Temática (materia general) |
INTELIGENCIA EMOCIONAL |
| 650 ## - Materia general |
| Temática (materia general) |
ADMINISTRACIÓN DEL DESEMPEÑO |
| 650 ## - Materia general |
| Temática (materia general) |
DINÁMICA |
| 650 ## - Materia general |
| Temática (materia general) |
PODER |
| 650 ## - Materia general |
| Temática (materia general) |
GRUPOS |
| 650 ## - Materia general |
| Temática (materia general) |
CREACIÓN DE EQUIPOS |
| 650 ## - Materia general |
| Temática (materia general) |
PROCESOS DE LIDERAZGO |
| 650 ## - Materia general |
| Temática (materia general) |
ADMINISTRACIÓN DEL DESEMPEÑO |
| 650 ## - Materia general |
| Temática (materia general) |
DISEÑO DE PUESTOS |
| 650 ## - Materia general |
| Temática (materia general) |
ESTABLECIMIENTO DE METAS |
| 650 ## - Materia general |
| Temática (materia general) |
ADMINISTRACIÓN DEL COMPORTAMIENTO |
| 650 ## - Materia general |
| Temática (materia general) |
PROCESOS DE LIDERAZGO |
| 650 ## - Materia general |
| Temática (materia general) |
ESTILOS DE LIDERAZGO |
| 650 ## - Materia general |
| Temática (materia general) |
ROLES DE LOS ADMINISTRADORES |
| 650 ## - Materia general |
| Temática (materia general) |
HABILIDADES DE LOS LIDERES |
| 942 ## - Punto de acceso adicional KOHA |
| Tipo de ítem KOHA |
Libro |
| Fuente del sistema de clasificación o colocación |
Dewey Decimal Classification |